000
00277nam a22001097a 4500
008
170123b xxu||||| |||| 00| 0 eng d
020
_a
9780781753821
041
_a
eng
080
_2
5TH
_a
618.2
245
_a
NUTRITION ESSENTIALS FOR NURSING PRACTICE
_c
DUDEK, S.G
942
_2
udc
_c
BK
999
_c
3391
_d
3391